是愛不是礙,是伴不是絆 : 圓滿自在的親密關係
| 資料類型: | 圖書 | 書目號: | 53533 |
Leader xxxxxxxxxx 001 __ 102619/0/01 005 __ 20191030163632.910 010 0_ |a978-957-33-3465-1|b平裝|d新臺幣380元 042 __ |anbim 100 __ |a20191030d2019 m y0chiy50 e 101 0_ |achi 102 __ |atw 105 __ |ay z 000yy 200 1_ |a是愛不是礙,是伴不是絆|e圓滿自在的親密關係|f許瑞云著 205 __ |a初版 210 __ |a臺北市|c皇冠|d2019[民108] 215 0_ |a255面|d21公分 225 12 |a哈佛醫師心關係|v2 517 1_ |a圓滿自在的親密關係|zchi 606 __ |2cst|a婚姻 606 __ |2cst|a兩性關係 700 _1 |a許|b瑞云|4著 681 __ |a544.3|b8453 801 _0 |atw|bLibDipper|c20191030|gCCR |